LEADER 01792nam a2200373 4500 001 000000351154 003 CaOOAMICUS 005 20220809120402.0 008 220809s1669 fr 000 u lat r 026 $ea-i- eme- m-a, teDe (3) 1669 (R) 040 $aSeMil$bita 100 01$aGregorius I,$c.$0(OLS)http://semarc/name/465 240 10$aDe cura pastorali liber.$0(OLS)http://semarc/title/440938 245 10$aSancti Gregorii Magni papae primi De cura pastorali liber ex antiquis cod. mss. cum cura expressus opera et studio theologi parisiensis. 250 $aSecunda editio correctior 264 1$aParisiis :$bex officina Frederici Leonardi,$c1669. 300 $a[32], 361, [11] p. ;$c32° 500 $aAntipopra calcogr. con stemma papale 500 $aFregio xilogr. su front. stampato in rosso e nero 500 $aSegn.: a? e? A-Z? 2A² 650 4$aGregorio : Magno - Opere.$0(OLS)http://semarc/subject/496 710 0 $aLéonard, Frédéric$c.$0(OLS)http://semarc/name/11600 752 $afr$dParigi 850 $aSeMil 852 $aSeMil$W1$xVenegono$y1$m2ZA IX 48 FA$j233850$B242234$CSeMilBibl$Z2$F242234 $8I 900 01$aGregorio : Magno$c. 900 01$aGregorio I$c. 941 1 $a10 961 $aDiffuse macchie da bruciatura su tutta la parte superiore del volume 996 $6245$aSancti Gregorii Magni papae primi De cura pastorali liber ex antiquis cod. mss. cum cura expressus opera et studio theologi parisiensis$9(OLS)http://semarc/title/440937 996 $6264$aParisiis :$bex officina Frederici Leonardi$9(OLS)http://semarc/publisher/60551 LEADER 01414nam a2200289 i 4500 001 000000038580 003 CaOOAMICUS 005 20251125111847.0 008 120227s1915 xx u000 u lat u 013 $a9172 040 $aSeMil$bita 100 0 $aCicero, Marcus Tullius,$d<106-43 a.C.>.$0(OLS)http://semarc/name/659 245 13$aDe finibus bonorum et malorum libri quinque /$crecognovit Th. Schiche. 260 $aLipsiae :$bin aedibus B. G. Teubneri,$c1915. 300 $aXV, 215 p. ;$c18 cm. 490 0 $aBibliotheca scriptorum graecorum et romanorum Teubneriana 700 1 $aSchiche, Theodor.$0(OLS)http://semarc/name/18536 773 0 $aCicero, Marcus Tullius <106-43 a.C.>$tM. Tulli Ciceronis scripta quae manserunt omnia.$bEditio maior.$dLipsiae : in aedibus B. G. Teubneri, [185?]$kBibliotheca scriptorum graecorum et romanorum Teubneriana$g13$w()26342 830 0$aBibliotheca scriptorum graecorum et romanorum Teubneriana.$0(OLS)http://semarc/title/35285 850 $aSeMil 852 $aSeMil$W1$xVenegono$y1$m1X II 223 FA$j4735$B4735$CSeMilBibl$Z2$F4735 $8I 900 0 $aCicerone, Marco Tullio. 961 $aOmaggio: Deposito 996 $6245$aDe finibus bonorum et malorum libri quinque$9(OLS)http://semarc/title/54507 996 $6260$aLipsiae :$bin aedibus B. G. Teubneri$9(OLS)http://semarc/publisher/36792